• 首页
  • 本馆介绍
  • 公告通知
  • 最新文献
  • 馆藏检索
  • 电子资源
  • 读者导购
  • 参考咨询
  • 我的图书馆
  • 登录
  • 详细信息显示
  • 放入我的书架
  • 预约/预借图书
  • 作者相关作品
  • 分类相关作品
  • 丛书相关作品
  • 出版社相关作品

书目信息

  • 表格格式
  • 工作单格式
  • 卡片格式
题名:
汽车理论
    
 
作者: 余志生 主编
分册:  
出版信息: 北京   机械工业出版社  2017.1
页数: 15,279页
开本: 26cm
丛书名:
单 册:
中图分类: U461
科图分类:
主题词: 汽车--理论--高等教育--教材 , 汽车
电子资源:
ISBN: 978-7-111-02076-9
000 00916nam0 2200277 450
001 0400001412
005 20171025154427.98
010    @a978-7-111-02076-9@dCNY36.00
100    @a20090410d2017 em y0chiy50 ea
101 0  @achi
102    @aCN@b110000
105    @ay z 000yy
106    @ar
200 1  @a汽车理论@9qi che li lun@f余志生主编
205    @a第5版
210    @a北京@c机械工业出版社@d2017.1
215    @a15,279页@c图@d26cm@e1光盘
300    @a普通高等教育“十五”国家级规划教材 面向21世纪课程教材
307    @a附光盘:ISBN 978-7-89451-034-1
330    @a本书内容包括:汽车的动力性、汽车的燃油经济性、汽车动力装置参数的选定、汽车的制动性、汽车的操纵稳定性、汽车的平顺性、汽车的通过性。
606 0  @a汽车@x理论@x高等教育@j教材
606 0  @a汽车
690    @aU461@v4
701  0 @a余志生@9yu zhi sheng@f(1925~)@4主编
801  0 @aCN@b91MARC@c20171018
905    @b1025076-80@dU461@f5@e472=5
    
    汽车理论/余志生主编.-第5版.-北京:机械工业出版社,2017.1
    15,279页:图;26cm+1光盘
    普通高等教育“十五”国家级规划教材 面向21世纪课程教材
    
    ISBN 978-7-111-02076-9:CNY36.00
    本书内容包括:汽车的动力性、汽车的燃油经济性、汽车动力装置参数的选定、汽车的制动性、汽车的操纵稳定性、汽车的平顺性、汽车的通过性。
●
相关链接 在E读中查询图书 在五车中查询图书 在当当中查询图书 在豆瓣中查询图书


正题名:汽车理论     索取号:U461/472=5         预约/预借

序号 登录号 条形码 馆藏地/架位号 状态 备注
1 1025076   210250761   第二样本阅览室/ [索取号:U461/472=5] 在馆    
2 1025077   210250770   密集书库-物理学院/ [索取号:U461/472=5] 在馆    
3 1025078   210250789   第三借阅区/ [索取号:U461/472=5] 在馆    
4 1025079   210250798   第三借阅区/ [索取号:U461/472=5] 在馆    
5 1025080   210250805   第三借阅区/ [索取号:U461/472=5] 在馆    
唐山师范学院图书馆 欢迎您!
大连网信软件有限公司© 版权所有